Top 10 Formula One Drivers Starting With 'D' - Statistics

General Stats
  • This quiz has been taken 57 times
  • The average score is 4 of 10
Answer Stats
Lp. Nationality Career Driver % Correct
4 Spanish 1999-2012 Pedro De La Rosa
87%
9 British 2011-2017 Paul Di Resta
64%
1 Italian 1979-1986 Elio De Angelis
62%
3 Italian 1980-1994 Andrea De Cesaris
55%
2 French 1972-1980 Patrick Depailler
55%
7 Brazilian 1995-2000 Pedro Diniz
53%
8 Irish 1978-1982 Derek Daly
30%
5 British 1971-1975 Mark Donohue
15%
6 American 1950-1955 Jimmy Davies
11%
10 French 1987-1994 Yannick Dalmas
6%
No matching quizzes found
Score Distribution
Percent of People with Each Score
Percentile by Number Answered
Your Score History
You have not taken this quiz